• 首页
  • 本馆介绍
  • 公告通知
  • 最新文献
  • 馆藏检索
  • 电子资源
  • 读者导购
  • 参考咨询
  • 我的图书馆
  • 登录
  • 详细信息显示
  • 放入我的书架
  • 预约/预借图书
  • 作者相关作品
  • 分类相关作品
  • 丛书相关作品
  • 出版社相关作品

书目信息

  • 表格格式
  • 工作单格式
  • 卡片格式
题名:
油画棒画得比油画还棒
    
 
作者: 路正先 著
分册:  
出版信息: 上海   上海交通大学出版社  2020.1
页数: 134页
开本: 21cm
丛书名:
单 册:
中图分类: J216
科图分类:
主题词: 蜡笔画--花卉画--绘画技法--教材
电子资源:
ISBN: 978-7-313-18200-5
000 01474nam0 2200325 45
001 012001001588
005 20130912164535.0
010    @a978-7-313-18200-5@dCNY42.00
092    @aCN@bbk20171211sk-00550
099    @aCAL 012018031431
100    @a20180327d2017 em y0chiy0110 ea
101 0  @achi
102    @aCN@b310000
105    @aa z 000yy
106    @ar
200 1  @a油画棒画得比油画还棒@Ayou hua bang hua de bi you hua hai bang@d= Oil pastel is even better than oil paint@e印象派花卉教程@f路正先著@zeng
210    @a上海@c上海交通大学出版社@d2020.1
215    @a134页@c图 (部分彩图)@d21cm
300    @a并列题名:Oil pastel is even better than oil paint
312    @a其他题名取自封面
314    @a路正先, 齐晓晶工作室教学总监, 多家机构、学校、企业、协会合作教师, 举办个人艺术类专题讲座百余场, 作品展于今日美术馆。其学员涵盖海内外, 从幼儿到成人, 从兴趣培养到应试教育, 从私人定制到千人讲座, 从线下到线上, 囊括了几乎所有类型的艺术普及形式。
330    @a本书选取印象派大师的花卉画名作, 通过临摹大师, 使读者零基础就可以轻松完成一幅看似高难度的画作。内容包括: 认识印象派、认识油画棒、油画棒绘画基础知识、花卉主题局部绘制等。
333    @a本书适用于广大美术爱好者
510 1  @aOil pastel is even better than oil paint@eimpressionist@zeng
517 1  @a印象派花卉教程
606 0  @a蜡笔画@x花卉画@x绘画技法@j教材
690    @aJ216@v5
701  0 @a路正先@Alu zheng xian@4著
801    @aCN@b江苏凤凰@c20211018
905    @b1344089-92@dJ216@e1415@f4
    
    油画棒画得比油画还棒= Oil pastel is even better than oil paint:印象派花卉教程/路正先著.-上海:上海交通大学出版社,2020.1
    134页:图 (部分彩图);21cm
    并列题名:Oil pastel is even better than oil paint.-使用对象:本书适用于广大美术爱好者
    
    ISBN 978-7-313-18200-5:CNY42.00
    本书选取印象派大师的花卉画名作, 通过临摹大师, 使读者零基础就可以轻松完成一幅看似高难度的画作。内容包括: 认识印象派、认识油画棒、油画棒绘画基础知识、花卉主题局部绘制等。
●
相关链接 在E读中查询图书 在五车中查询图书 在当当中查询图书 在豆瓣中查询图书


正题名:油画棒画得比油画还棒     索取号:J216/1415         预约/预借

序号 登录号 条形码 馆藏地/架位号 状态 备注
1 1344089   213440891   第一样本阅览室/ [索取号:J216/1415] 在馆    
2 1344090   213440908   第一借阅区/ [索取号:J216/1415] 在馆    
3 1344091   213440917   第一借阅区/ [索取号:J216/1415] 在馆    
4 1344092   213440926   第一借阅区/ [索取号:J216/1415] 在馆    
唐山师范学院图书馆 欢迎您!
大连网信软件有限公司© 版权所有